00393nam a2200145Ia 4500003000400000005001700004008004100021020001800062040000900080082001800089100002000107245006400127260004700191300000900238OSt20200114122536.0190216s9999||||xx |||||||||||||| ||und|| a9788180544217 coclc a657.42bMAH/P aMaheshwari, S N 0aProblems And Solutions in Cost Accounting /cS N Maheshwari bSulthan Chand And Sons,c2006.aNew Delhi: a917p